Statistics for Senegal 2018 FIFA World Cup Squad

Click here to take the quiz!

General Stats

  • This quiz has been taken 125 times
  • The average score is 9 of 24

Answer Stats

PositionAnswerTeam% Correct
FWSadio ManeLiverpool
99%
DFKalidou KoulibalyNapoli
83%
MFIdrissa GueyeEverton
69%
MFCheikhou KouyateWest Ham United
64%
DFSalif SaneHannover
57%
FWM'Baye NiangTorino
47%
FWMame Biram DioufStoke City
46%
GKKhadim N'DiayeHoroya AC
41%
MFAlfred N'DiayeVillareal
41%
MFBadou NdiayeStoke City
41%
FWKeita Balde DiaoMonaco
34%
FWIsmaila SarrStade Rennais
33%
DFSaliou CissAngers
30%
GKAlfred GomisSPAL
24%
DFMoussa WagueK.A.S. Eupen
24%
DFYoussouf SabalyBordeaux
24%
GKAbdoulaye DialloRennes
23%
FWPape Moussa KonateAmiens SC
23%
FWMoussa SowBursaspor
20%
MFCheikh N'DoyeBirmingham City
18%
FWDiafra SakhoRennes
17%
DFLamine GassamaAnalyaspor
17%
MFKara MbodjiAnderlecht
14%
DFAdama MbengueCaen
8%

Score Distribution

Percentile by Number Answered

Percent of People with Each Score

Your Score History

You have not taken this quiz